000 00605nam a2200217Ia 4500
005 20250508164434.0
008 008 250505s9999 xx 000 0 eng d
020 _a81-8069-217-5
037 _aTextual
040 _aFEDL
_beng
_cFEDL
041 _aeng
_2eng
084 _a370.1, CHA
_qFEDL
100 _aChaube S P
245 0 _aRecent philosophies of education in India
260 _aNew Delhi, India
_bConcept Publishing Company
_c2005
300 _a288p.
365 _aINR
_b150
650 _aEducation - Philosophy
942 _cTEXL
_h370.1, CHA
999 _c1389141
_d1389141